| 000 | 00650cam a2200193 4500 | ||
|---|---|---|---|
| 001 | T100485 | ||
| 008 | 000000n1965 000 0 eng u | ||
| 035 | _a(Sirsi) u100485 | ||
| 110 |
_aEngland and Wales _bLands Tribunal _91252 |
||
| 245 | _aEdwin Abbott (Keswick) Ltd | ||
| 260 | _c1965 | ||
| 520 | _aLP/3/1964. 15 Jan 1965. Reported in 1965 JPL 244. Stored in off site archive - please ask library staff for details. | ||
| 650 | _aEDWIN ABBOTT (KESWICK) LTD | ||
| 650 | _aLAW OF PROPERTY ACT 1925 S84 | ||
| 650 | _aRESTRICTIVE COVENANT | ||
| 650 | _aMODIFICATION | ||
| 690 | _aHIGHWAYS RIGHTS OF WAY AND EASEMENTS-CASE LAW | ||
| 942 | _n0 | ||
| 999 |
_c60117 _d60117 |
||